| 000 | 01298nam a22002777a 4500 | ||
|---|---|---|---|
| 005 | 20090811112230.0 | ||
| 008 | 090807t xxu||||| |||| 00| 0 hin d | ||
| 010 | _aHIN-87718 | ||
| 020 |
_a9788189264516 _c220.00 |
||
| 035 | _aHN-60064 | ||
| 037 | _bDBAD / PUB | ||
| 040 |
_adpl _bhn |
||
| 082 | _a230.3 | ||
| 100 | _aरघुवर नारायण सिंह | ||
| 245 |
_aमानव-दर्पण / _cरघुवर नारायण सिंह; रमेश नीलकमल द्वारा संपादित |
||
| 246 |
_aManav-Darpan _bby Raghubar Narayan Singh |
||
| 250 | _b2रा संस्क. | ||
| 260 |
_aदिल्ली _bमीनाक्षी प्रकाशन _c2008 |
||
| 270 |
_aएम.बी. 32/2 बी, गली नं.2, शकरपुर _bदिल्ली _e110092 _k011-20098438 |
||
| 300 |
_a207पृ. _c22सेमी (सजिल्द) |
||
| 650 | _aअध्यात्मवाद | ||
| 650 | _aSpritualism | ||
| 700 | _aरमेश नीलकमल | ||
| 942 |
_2ddc _cHN _mरघुव _h230.3 |
||
| 999 |
_c29095 _d29095 |
||